UFC : Top 10 hommes poids mi-lourds - Statistiques

Statistiques générales
  • Ce quiz a été pris 112 fois
  • Le résultat moyen est 6 sur 10
Statistiques - réponses
Classement Pays Âge Combattants % Correct
Champion Brésil 38 Alex Pereira
100%
2 Russie 32 Magomed Ankalaev
90%
1 République Tchèque 33 Jiri Prochazka
84%
3 Nouvelle-Zélande 35 Carlos Ulberg
62%
4 Etats-Unis 35 Khalil Rountree
54%
6 Etats-Unis 36 Jamahal Hill
53%
9 Suisse 36 Volkan Oezdemir
50%
5 Pologne 42 Jan Blachowicz
44%
8 Etats-Unis 35 Dominick Reyes
30%
7 Russie 36 Azamat Murzakanov
24%
Aucun quiz correspondant
Distribution des résultats
% des personnes avec chaque résultat
Percentile par nombre de réponses
Votre historique - résultats
Vous n’avez pas pris ce quiz